Thought forces
| Main Author: | Mulford, Prentice |
|---|---|
| Language: | English |
| Published: |
Batu Caves, Selangor:
Masterpiece,
2006.
|
| Subjects: |
| LEADER | 00606cam a2200193 7i4500 | ||
|---|---|---|---|
| 001 | 0000009985 | ||
| 005 | 20081113090000.0 | ||
| 008 | 080221 eng | ||
| 020 | |a 9833710107 ( pbk.) | ||
| 040 | |a OhCoOLI | ||
| 050 | 0 | 0 | |a BF639 MUL 2006 |
| 090 | 0 | 0 | |a BF639 |b .M85 2006 |
| 100 | 1 | |a Mulford, Prentice | |
| 245 | 1 | 0 | |a Thought forces |c Prentice Mulford. |
| 260 | |a Batu Caves, Selangor: |b Masterpiece, |c 2006. | ||
| 300 | |a iii, 202 p.; |c 23 cm. | ||
| 650 | 0 | 0 | |a New Thought |
| 999 | |a 0000030096 |b BOK |c OPEN SHELF |e 1st Floor, Shah Alam | ||
| 999 | |a 0000030158 |b BOK |c OPEN SHELF |e 1st Floor, Bestari Jaya | ||


